| 000 | 00696nam a2200253Ia 4500 | ||
|---|---|---|---|
| 008 | 220216s9999 xx 000 0 und d | ||
| 100 | _aReghu | ||
| 245 | 0 | _aPerformance of certain wild Hevea accessions in the early phase of further evaluation | |
| 260 |
_bNatural Rubber Research _c2004 |
||
| 300 | _a103-107 | ||
| 650 | _aBark anatomy | ||
| 650 | _aBark anatomy | ||
| 650 | _aBrazilian germplasm | ||
| 650 | _aBrazilian germplasm | ||
| 650 | _aHevea brasiliensis | ||
| 650 | _aHevea brasiliensis | ||
| 650 | _aRank sum evaluation | ||
| 650 | _aRank sum evaluation | ||
| 700 | _aAbraham S T | ||
| 700 | _abC P | ||
| 700 | _aNair R B | ||
| 700 | _aVarghese Y A | ||
| 942 | _cAR | ||
| 999 |
_c47286 _d47286 |
||